ইরান-ইরাক বিরোধ ও সাম্প্রতিক যুদ্ধ / (Record no. 27268)

MARC details
000 -LEADER
fixed length control field 00851nam a22002177a 4500
003 - CONTROL NUMBER IDENTIFIER
control field BDDh-ASL
005 - DATE AND TIME OF LATEST TRANSACTION
control field 20231015030739.0
008 - FIXED-LENGTH DATA ELEMENTS--GENERAL INFORMATION
fixed length control field 211011s1998 b ||||| |||| 00| 0 b d
040 ## - CATALOGING SOURCE
Transcribing agency BDDh-ASL
082 ## - DEWEY DECIMAL CLASSIFICATION NUMBER
Classification number 955.0542
Item number FAI
100 1# - MAIN ENTRY--PERSONAL NAME
9 (RLIN) 5501
Personal name ফায়েকউজ্জামান, মোঃ
245 10 - TITLE STATEMENT
Title ইরান-ইরাক বিরোধ ও সাম্প্রতিক যুদ্ধ /
246 ## - VARYING FORM OF TITLE
Title proper/short title Iran-Iraq Birodh O Sampratik Juddha
260 ## - PUBLICATION, DISTRIBUTION, ETC.
Place of publication, distribution, etc. ঢাকা:
Name of publisher, distributor, etc. বাংলা একাডেমি,
Date of publication, distribution, etc. ১৯৯৮।
300 ## - PHYSICAL DESCRIPTION
Extent ১৫০ পৃষ্ঠা, :
Dimensions ২২ সে. মি.
504 ## - BIBLIOGRAPHY, ETC. NOTE
Bibliography, etc. note গ্রন্থপঞ্জি সংযুক্ত ।
650 #0 - SUBJECT ADDED ENTRY--TOPICAL TERM
9 (RLIN) 4586
Topical term or geographic name entry element History (ইতিহাস)
651 #0 - SUBJECT ADDED ENTRY--GEOGRAPHIC NAME
9 (RLIN) 5502
Geographic name Iran (ইরান)
651 #0 - SUBJECT ADDED ENTRY--GEOGRAPHIC NAME
9 (RLIN) 5503
Geographic name Iraq (ইরাক)
942 ## - ADDED ENTRY ELEMENTS (KOHA)
Source of classification or shelving scheme Dewey Decimal Classification
Koha item type Books
Holdings
Withdrawn status Lost status Source of classification or shelving scheme Damaged status Not for loan Collection code Home library Current library Shelving location Date acquired Source of acquisition Total Checkouts Full call number Barcode Date last seen Copy number Price effective from Koha item type
    Dewey Decimal Classification     Non-fiction Asiatic Society Library Asiatic Society Library General Stacks 10/30/2021 ASB Collection   955.0542 FAI 113357 10/30/2021 C-1 10/30/2021 Books

Powered by Koha